| 000 | 00672nam a22002177a 4500 | ||
|---|---|---|---|
| 999 |
_c14691 _d14691 |
||
| 003 | AR-CdUCM | ||
| 008 | 190424b ||||| |||| 00| 0 eng d | ||
| 020 | _a978-84-9825-891-2 | ||
| 040 |
_aMUNICIPALIDAD PROVINCIAL DEL CUSCO _cBIBLIOTECA MUNICIPAL DEL CUSCO |
||
| 082 |
_aPI / 376.1 / _bC73 |
||
| 110 |
_aCombel. _932671 |
||
| 245 | _aColorea en ingles la ropa / | ||
| 260 |
_aBarcelona : _bCombel. _c2014. |
||
| 300 |
_a16 paginas ; _bIlustraciones, _c21 cm. |
||
| 650 |
_aColorea _933551 |
||
| 650 |
_aAprendiendo ingles _933552 |
||
| 650 |
_aAprende coloreando _933553 |
||
| 650 |
_aCosas de niƱos (as) _933554 |
||
| 942 |
_2ddc _cLIBROS |
||
| 945 |
_awnts _d2019-04-24 |
||